[Event "Smyslov Action Swiss"]
[Site "Warren, MI"]
[Date "2002.04.27"]
[Round "5"]
[White "Ghobrial, Ameer"]
[Black "Baze, Lineas"]
[Result "0-1"]
[WhiteElo "2129"]
[BlackElo "2000"]
[Annotator "Lineas Baze"]
[PlyCount "92"]
[EventDate "2002.04.27"]

{This game was my fifth straight win in this 5-round action tournament, giving
me clear first and a $100 cash prize. I had not previously beaten Ameet, and
it was an enjoyable game for me. White mis-stepped in the opening, allowing me
to equalize. Then, he tried an ill-fated majority attack, leading to the loss
of one, then two pawns. I was able to simplify into a clearly won king + pawn
ending.} 1. c4 Nf6 2. Nc3 g6 3. g3 Bg7 4. Bg2 O-O 5. e4 d6 6. Nge2 e5 7. O-O c6
8. d3 Qc7 9. f4 $6 {This allows Black to equalize, right away.} Qb6+ 10. Kh1
Ng4 11. Qe1 Ne3 12. Na4 Nxg2 13. Nxb6 Nxe1 14. Nxc8 ({Not as good as} 14. Nxa8)
14... Rxc8 $6 ({A better try is} 14... Nc2 {leading to complications where
Black might win a piece.}) 15. Rxe1 Na6 $11 {Black has solved his opening
problems, and the position is about equal.} 16. f5 gxf5 17. exf5 Nc5 18. Rd1 e4
19. dxe4 Nxe4 20. Kg2 Re8 $1 {I plan to activate all of my pieces, and fight
for the center. White's development is not yet complete.} 21. Kf3 Rad8 22. g4
d5 23. g5 Be5 {White now embarks on an over-optimistic majority attack,
allowing a Black advantage.} 24. h4 $2 {Could a losing move. Drops a pawn.} Nd6
$1 25. cxd5 Nxf5 26. Bf4 Nxh4+ 27. Kg4 Ng6 ({Another try is} 27... cxd5 {
leading to many complications.}) 28. dxc6 bxc6 $1 {Other moves are too risky.}
29. Bxe5 Nxe5+ 30. Kf5 Nc4 31. Rxd8 Rxd8 32. Rc1 Rd5+ 33. Kf4 Ne5 34. Rc2 {My
theme has been to keep pieces active, and fight for control of the center.
White's king is not effective against the combined rook and knight, in this
position.} Nd3+ 35. Ke4 Nc5+ 36. Kf4 Ne6+ {White loses at least another pawn,
and the game.} 37. Ke3 Re5+ $1 $19 {Black has a forced win, now.} 38. Kd3 Rxe2
39. Kxe2 Nd4+ 40. Kd3 Nxc2 41. Kxc2 {White should resign, now. Plays on due to
momentum.} Kg7 42. Kd3 Kg6 43. Kd4 Kxg5 44. Kc5 h5 45. Kxc6 h4 46. Kb7 h3 0-1

[Event "Michigan Masters/Experts"]
[Site "Auburn Hills, MI"]
[Date "2002.04.27"]
[Round "1.11"]
[White "Gabbara, Faris"]
[Black "Finegold, Ben"]
[Result "0-1"]
[WhiteElo "2058"]
[BlackElo "2631"]
[PlyCount "98"]
[EventDate "2002.04.26"]

1. c4 c5 2. Nc3 b6 3. Nf3 Bb7 4. e3 Nf6 5. d4 cxd4 6. exd4 e6 7. a3 Be7 8. Bd3
O-O 9. O-O d5 10. cxd5 Nxd5 11. Qc2 Nf6 12. Ne4 Nbd7 13. Bf4 Rc8 14. Qe2 Nxe4
15. Bxe4 Bxe4 16. Qxe4 Nf6 17. Qb7 Qd7 18. Qxd7 Nxd7 19. Rac1 f6 20. Rxc8 Rxc8
21. Rc1 Rxc1+ 22. Bxc1 b5 23. Kf1 Kf7 24. Ke2 Bd6 25. h3 Nb6 26. b3 Ke7 27. Kd3
Kd7 28. Ng1 a5 29. Ne2 a4 30. bxa4 Nxa4 31. g4 Kc6 32. Nc3 Nxc3 33. Kxc3 Kd5
34. f3 f5 35. Kd3 fxg4 36. fxg4 g6 37. Bb2 Be7 38. Bc1 e5 39. dxe5 Kxe5 40. g5
Bc5 41. Bb2+ Kf4 42. Bc1+ Kf3 43. Bb2 Kg3 44. Ke4 Kxh3 45. Kd5 Be7 46. Bc1 Kg4
47. Kc6 Bxg5 48. Bb2 h5 49. Kxb5 h4 0-1

[Event "Michigan Class A"]
[Site "Auburn Hills, MI"]
[Date "2002.04.27"]
[Round "1.11"]
[White "Forte, Joe"]
[Black "Randall, Paul"]
[Result "0-1"]
[WhiteElo "1903"]
[BlackElo "1984"]
[PlyCount "88"]
[EventDate "2002.04.26"]

1. d4 Nf6 2. c4 c5 3. d5 b5 4. cxb5 a6 5. Nc3 axb5 6. Nxb5 Qa5+ 7. Nc3 g6 8.
Nf3 Bg7 9. Bd2 O-O 10. e4 d6 11. Be2 Nbd7 12. Nb5 Qb6 13. Qc2 Ba6 14. a4 Bxb5
15. Bxb5 Qxb5 16. axb5 Rxa1+ 17. Bc1 Nxe4 18. O-O Nef6 19. Rd1 Nb6 20. Bg5
Rxd1+ 21. Qxd1 Nfxd5 22. Qe2 Ra8 23. g3 h6 24. Bd2 Ra2 25. b3 Ra3 26. Nh4 Rxb3
27. Qe4 Kh7 28. Nf5 gxf5 29. Qxf5+ Kg8 30. Qg4 Nf6 31. Qh3 Rb1+ 32. Kg2 Rxb5
33. Bxh6 c4 34. g4 Bxh6 35. Qxh6 Nxg4 36. Qh4 Nf6 37. Qg3+ Kf8 38. Qe3 Rc5 39.
Qh6+ Ke8 40. Qh8+ Kd7 41. Qh3+ e6 42. Qf3 Nbd5 43. h4 c3 44. h5 c2 0-1

[Event "Michigan Class D/E"]
[Site "Auburn Hills, MI"]
[Date "2002.04.27"]
[Round "3.5"]
[White "Ford, Adam"]
[Black "Poniatowski, Don"]
[Result "1-0"]
[WhiteElo "1198"]
[BlackElo "1272"]
[Annotator "Tim McGrew"]
[PlyCount "73"]
[EventDate "2002.04.26"]

1. e4 Nf6 2. e5 Nd5 3. Bc4 $5 {This is playable but not very common. There are
various ideas involving Bc4 a move later that might appeal to wild -- not to
say imprudent -- attacking players.} ({Esteban Canal's original idea (played
earlier by the Kentucky master Jackson Showalter) was} 3. d4 d6 4. Bc4 Nb6 {
Now the normal move is 5.Bb3, but those who like to live on the edge may want
to explore the wholly insane move suggested by the Dutch player Rene de
Milliano:} 5. e6 {This almost defies punctuation. (I suppose ?!! might be
suitable.) Objectively this move should not work, but it could give your
opponent an aneurysm. A few idea variations:} fxe6 (5... Bxe6 6. Bxe6 fxe6 7.
Nh3 $5 {with attacking chances for the pawn.}) (5... Nxc4 6. exf7+ Kxf7 (6...
Kd7 7. Qg4+ Kc6 (7... e6 8. d5 Qe7 {looks more rational}) 8. d5+ Kxd5 9. Nc3+
Kc6 10. Qxc4+ Kd7 11. Qg4+ e6 12. Bg5 Be7 13. Bxe7 Qxe7 14. Qxg7 $16) 7. Qf3+
Ke8 (7... Kg8 8. Qd5+ e6 9. Qxc4 {is similar}) 8. Qh5+ g6 9. Qb5+ c6 10. Qxc4 {
with an obscure position.}) (5... f6 {A defense suggested by A. E. Hanreck.} 6.
Bb3 (6. f4 $6 {is suggested by L. M. Pickett, but it looks weak, e.g.} Nxc4 7.
Qh5+ (7. f5 g6 $1 {and White has nothing tangible for his piece.}) 7... g6 8.
Qb5+ c6 9. Qxc4 d5 $1 10. Qe2 Qd6 11. f5 gxf5 12. Qh5+ Kd8 13. Qxf5 Qxe6+ 14.
Qxe6 Bxe6 $19) 6... d5 7. Qg4 Qd6 8. Bf4 Qc6 9. Nf3 Bxe6 10. Qg3 Na6 {Black
seems better, but I know players who would take White's position just for the
thrill of it.}) (5... f5 $6 6. Qd3 Nxc4 7. Qxf5 $1 Bxe6 8. Qxe6 $14) 6. Bd3 {
with reasonable attacking prospects against the weakened Black Kingside.}) ({
Ages ago, when I was a kid going to tournaments in Philadelphia, someone 
(Andrew Metrick?) showed me the line} 3. Nf3 d6 4. Bc4 Nb6 5. Bxf7+ $6 {This
is another sac that shouldn't work, but it does contain a lovely trap, useful
for those of you who play a lot of blitz:} Kxf7 6. Ng5+ Kg8 7. e6 $5 Qe8 8. Qf3
{and now too many players reach for the wrong pawn:} h6 $4 (8... g6 $1 9. Nf7
Qc6 10. Qxc6 Nxc6 11. Nxh8 Kxh8 $19 {and with two healthy minor pieces for the
Rook Black has a great advantage.}) 9. Qf7+ Qxf7 10. exf7#) 3... Nb6 4. Bb3 c5
$5 {With the obvious threat of burying the Bishop alive.} 5. a3 $6 {This move
meets the threat, but the Bishop will be tucked back into a corner for quite
some time to come.} (5. d3 {is simpler, with the idea of putting the Bishop on
a more useful diagonal by a later c3, d4, and Bc2.}) 5... c4 6. Ba2 Nc6 7. Nf3
d5 8. d4 cxd3 (8... Bg4 {looks like a cleaner way to handle the position.
Black can have some of the benefits of an Advance French without the problem
of a trapped lightsquare Bishop.}) 9. Qxd3 e6 {This is definitely too passive.
Black should get the Bishop out before closing gates with ...e6.} 10. O-O Be7
11. Be3 Qc7 12. c4 $5 {Perhaps frustrated by his buried bishop, Adam lashes
out to open up the position.} (12. Bf4 {holding the e-pawn is a more normal
move here.}) 12... dxc4 13. Bxc4 Nxc4 {Attempts by Black to win the e-pawn
tend to backfire here.} (13... Nxe5 {is not wholly clear:} 14. Nxe5 Qxe5 15.
Bd4 Qg5 $1 16. Bxb6 axb6 17. Bb5+ $1 Kf8) (13... Nd7 14. Bd4 Ncxe5 15. Nxe5
Nxe5 16. Bb5+ Kf8 17. Qg3 Bf6 18. Rd1 {and Black is beginning to feel some
indigestion for having wolfed down that pawn.}) 14. Qxc4 {At the moment, the
pin against Black's undefended Queen secures the e-pawn tactically.} O-O 15.
Nd4 $6 {Playing with pieces before his development is complete. This leaves e5
vulnerable.} (15. Nc3 {is stronger and gives White a small advantage thanks to
his greater space.}) 15... Bd7 ({Having castled, Black can and should grab the
e-pawn:} 15... Qxe5 16. Nxc6 bxc6 17. Qxc6 Rb8 18. Qc3 Bf6 19. Qxe5 Bxe5 20.
Bxa7 Rxb2 $17) 16. f4 Qc8 17. Nb5 a6 18. Nd6 Bxd6 19. exd6 Nd8 20. Nd2 Bb5 {
Did White overlook this?} 21. Qxc8 {No. By exchanging, he gets out of the pin
with a gain of time. Now the pawn on d6 is beginning to look like a monster.}
Rxc8 22. Rfc1 Rc6 23. a4 $2 {Tactically lazy, White drops a pawn.} (23. Ne4 {
brings the Knight into play and should keep some advantage for White.}) 23...
Bxa4 $1 24. Rxc6 ({Perhaps White's best here is} 24. Bc5 b6 25. Rxa4 bxc5 26.
Nc4 {when the Knight has a decent outpost and the pawn at d6 is not falling
off yet.}) 24... Bxc6 25. Bb6 f5 {There is no reason to create a hole at e5
and a backward pawn on e6.} (25... f6 {gives the King access to the center
without creating positional weaknesses.}) 26. Bc7 Bd7 27. Nc4 Nc6 28. Rd1 g5 {
Black doesn't have the right plan. He should be working to bring his King over
to stop the pawn instead of flinging things forward on the Kingside.} 29. Nb6
Rf7 30. Re1 {Probably White should just take the pawn here.} (30. fxg5 e5 31.
Na4 Nd4 32. Nc5 Rg7 33. Bd8 $1 $16) 30... Nd4 31. fxg5 Kg7 32. Bd8 Kg6 33. Bf6
Nc6 34. Nxd7 Rxd7 35. Rxe6 h6 $4 36. Be7+ Kf7 37. Rf6+ 1-0

[Event "Michigan Class C"]
[Site "Auburn Hills, MI"]
[Date "2002.04.27"]
[Round "2.15"]
[White "Foord, Allan"]
[Black "Choate, Eric"]
[Result "0-1"]
[WhiteElo "1500"]
[BlackElo "1502"]
[PlyCount "82"]
[EventDate "2002.04.26"]

1. e4 e5 2. Nf3 d6 3. d4 exd4 4. Nxd4 Nf6 5. Nc3 Be7 6. Bc4 Bd7 7. Qf3 Nc6 8.
Nf5 Rg8 9. Nxe7 Qxe7 10. Be3 O-O-O 11. h3 Kb8 12. Bd3 Ne5 13. Qe2 Bc6 14. f4
Nxd3+ 15. cxd3 Rge8 16. O-O-O d5 17. Bd4 dxe4 18. Bxf6 Qxf6 19. dxe4 Qxf4+ 20.
Kb1 Rxd1+ 21. Rxd1 a6 22. Rf1 Qh4 23. Rxf7 Bxe4+ 24. Nxe4 Rxe4 25. Rf8+ Ka7 26.
Qf2+ Qxf2 27. Rxf2 Re7 28. Kc2 b6 29. g4 Kb7 30. Rf3 h6 31. Kc3 c5 32. a4 Kc6
33. b3 b5 34. axb5+ axb5 35. Rd3 b4+ 36. Kc2 Re2+ 37. Rd2 Rxd2+ 38. Kxd2 Kd5
39. Kd3 g5 40. Ke3 c4 41. bxc4+ Kxc4 0-1

[Event "Michigan Masters/Experts"]
[Site "Auburn Hills, MI"]
[Date "2002.04.27"]
[Round "2.11"]
[White "Finegold, Ben"]
[Black "Davidovich, Manis"]
[Result "1-0"]
[WhiteElo "2631"]
[BlackElo "2047"]
[Annotator "Ben Finegold"]
[PlyCount "63"]
[EventDate "2002.04.26"]

{Dutch: Raphael} 1. d4 f5 {I have not seen Manis play the Dutch, so I tried to
play something he would not be familiar with.} 2. Nc3 d5 3. Bg5 Nf6 4. Bxf6
exf6 5. e3 Be6 6. Bd3 c6 7. Qf3 g6 8. h3 Bd6 9. g4 fxg4 10. hxg4 {White has a
pleasant game, and some targets to attack. Black has to decide where to put
his king.} Bf7 11. O-O-O Nd7 12. e4 {I figured I better open up the center
with his king still there.} dxe4 13. Nxe4 Be7 14. Re1 Qa5 {An aggressive
defense, which is normal in Manis' games.} 15. Nc3 Kd8 16. Nge2 Kc7 17. Ng3 Bb4
18. Nge4 Rae8 19. Re3 $2 ({So far the game seemed pretty normal to me, but now
I make a bad move. There is no reason to sac a pawn, and the simple} 19. a3 {
is good.}) 19... Bxa2 20. Qf4+ Kc8 21. Nxa2 Qxa2 22. c3 Qa1+ $2 {The queen is
out of play here.} 23. Bb1 Be7 24. Rhe1 Rd8 25. Nd2 $1 {I like the Nd2-c4 idea.
} Bf8 26. Nc4 h5 $5 {Manis wants to play ...Bh6 and Black has threats too!} 27.
Kc2 g5 $2 28. Qh2 Nb6 $2 {Losing immediately, but Manis was in terrible time
trouble at this point.} 29. Nxb6+ axb6 30. Kb3 $1 Qa5 31. Bf5+ Rd7 32. Re8# 1-0

[Event "Michigan Class C"]
[Site "Auburn Hills, MI"]
[Date "2002.04.27"]
[Round "3.1"]
[White "Dillabough, Troy"]
[Black "Hazzard, Bill"]
[Result "0-1"]
[WhiteElo "1444"]
[BlackElo "1500"]
[PlyCount "70"]
[EventDate "2002.04.26"]

1. e4 d6 2. d4 Nf6 3. Nc3 Nbd7 4. f4 e5 5. fxe5 dxe5 6. dxe5 Nxe5 7. Qxd8+ Kxd8
8. Bf4 Bd6 9. Bxe5 Bxe5 10. Bc4 Ke7 11. Nf3 Bxc3+ 12. bxc3 Re8 13. Bd3 Kf8 14.
O-O Nxe4 15. Bxe4 Rxe4 16. Ng5 Re7 17. Nxh7+ Kg8 18. Ng5 f6 19. Nf3 b6 20. Rad1
Bb7 21. h3 Rae8 22. Rfe1 Rxe1+ 23. Rxe1 Rxe1+ 24. Nxe1 Bd5 25. a3 Kf7 26. Kf2
c5 27. g3 Ke6 28. Ke3 Kf5 29. Nf3 g5 30. g4+ Kg6 31. h4 gxh4 32. Nxh4+ Kg5 33.
Nf5 Kxg4 34. Nd6 f5 35. Nc8 Kg3 0-1

[Event "Michigan Class B"]
[Site "Auburn Hills, MI"]
[Date "2002.04.27"]
[Round "3.4"]
[White "DeFrayne, Don"]
[Black "Carr, Jay"]
[Result "1/2-1/2"]
[WhiteElo "1731"]
[BlackElo "1600"]
[PlyCount "77"]
[EventDate "2002.04.26"]

1. g3 d5 2. Bg2 Nf6 3. c4 c6 4. cxd5 cxd5 5. d3 Nc6 6. Nc3 e6 7. Bd2 Be7 8. Rc1
Bd7 9. Nf3 O-O 10. O-O Rc8 11. a3 a6 12. b4 h6 13. Qb3 Bd6 14. Na4 b5 15. Nc5
Bxc5 16. Rxc5 Qe7 17. Rfc1 e5 18. Be3 d4 19. Bd2 Be6 20. Qb2 Qd6 21. Nh4 Ne7
22. f4 Nd7 23. fxe5 Nxe5 24. Bf4 f6 25. Bxe5 fxe5 26. Nf3 Ng6 27. Nd2 Ne7 28.
Ne4 Qb8 29. Rxc8 Rxc8 30. Nc5 Qd6 31. Nb7 Rxc1+ 32. Qxc1 Qb6 33. Qc5 Qxc5 34.
Nxc5 Bc8 35. Kf2 Kf7 36. Be4 g5 37. e3 dxe3+ 38. Kxe3 Kf6 39. Kf3 1/2-1/2

[Event "Michigan Masters/Experts"]
[Site "Auburn Hills, MI"]
[Date "2002.04.27"]
[Round "3.3"]
[White "Davidovich, Manis"]
[Black "Calton, Bill"]
[Result "0-1"]
[WhiteElo "2047"]
[BlackElo "2209"]
[Annotator "Bob Ciaffone"]
[PlyCount "62"]
[EventDate "2002.04.26"]

{Caro-Kann: Spassky (Lobron) This game has so much fireworks, you would think
it was played by two grandmasters contesting a Sicilian. Instead, it comes
from a "stogy" opening, the Caro-Kann. Perhaps it is not the opening, but who
is at the wheel, that determines whether the board explodes.} 1. e4 c6 2. d4 d5
3. Nd2 dxe4 4. Nxe4 Bf5 {This move defines the opening as the Classical
Variation of the Caro-Kann.} 5. Ng3 Bg6 6. h4 h6 7. Nf3 Nf6 8. h5 Bh7 9. Bd3
Bxd3 10. Qxd3 e6 11. Bd2 {All well-known stuff to here, a starting point for
hundreds of games.} Be7 12. O-O-O Nbd7 13. Rhe1 Rc8 {Black does not rush to
castle because White does not have a pawn lever to open the position until he
plays Kb1 and c4.} 14. Ne2 {14.Kb1 looks more appropriate.} Ng4 {This knight
takes up a forward position from which it will not be easily dislodged.} 15.
Rf1 Nb6 16. Nf4 O-O 17. Nxe6 {A piece sac that uncorks tremendous
complications.} fxe6 18. Qg6 Qd5 $1 (18... Nf6 19. Bxh6 {White has a very
strong attack for the sacrificed piece.}) 19. Qxg4 Qxa2 20. Bxh6 Rf7 21. Ne5 {
Now it looks like White is winning, but Black, who cannot defend, still has an
attack.} Bb4 $1 22. c3 {Obviously forced.} Na4 23. Rd2 {Another ugly necessity.
} Qa1+ 24. Kc2 {The White king flees for his life.} Qxb2+ 25. Kd3 Qxc3+ 26. Ke4
{The e4 square is not much of a refuge place.} Rcf8 27. Nxf7 Rxf7 28. f4 $4 {
Rook protection interrupted. White could have played 28.Rd3 with an unclear
position.} Qxd2 29. f5 Nc3+ 30. Ke5 Qxh6 31. f6 Qe3+ 0-1

[Event "Michigan Class D/E"]
[Site "Auburn Hills, MI"]
[Date "2002.04.27"]
[Round "3.2"]
[White "Cottrell-Finegold, Kelly"]
[Black "Winowski, Joe"]
[Result "1-0"]
[WhiteElo "1338"]
[BlackElo "1211"]
[PlyCount "95"]
[EventDate "2002.04.26"]

1. d4 Nf6 2. c4 e6 3. Nc3 Bb4 4. Bd2 c5 5. e3 Nc6 6. Nf3 cxd4 7. exd4 O-O 8.
Be2 b6 9. O-O Bb7 10. Qc2 a6 11. a3 Bxc3 12. Bxc3 d5 13. Rad1 Ne4 14. Nd2 f5
15. f4 Qh4 16. cxd5 exd5 17. Qb3 Ne7 18. Qxb6 Bc8 19. Bb4 Rf6 20. Qd8+ Rf8 21.
Qxe7 Qxe7 22. Bxe7 Re8 23. Bb4 a5 24. Bb5 Re6 25. Bc3 a4 26. Rfe1 Rb6 27. Bf1
Ba6 28. Bb4 Rh6 29. Nf3 Bc4 30. Rc1 Bb3 31. Rc7 Rg6 32. Rec1 h5 33. Rc8+ Rxc8
34. Rxc8+ Kh7 35. Bd3 Rg4 36. Ng5+ Rxg5 37. fxg5 Kg6 38. Bxe4 fxe4 39. h4 Kf5
40. Kf2 Kg4 41. g3 e3+ 42. Kxe3 Kxg3 43. Be1+ Kg2 44. Rc7 g6 45. Rg7 Bc2 46.
Rd7 Be4 47. Kd2 Kf3 48. Ra7 1-0

[Event "Michigan Class D/E"]
[Site "Auburn Hills, MI"]
[Date "2002.04.27"]
[Round "3.7"]
[White "Clark, Richard"]
[Black "Norwood, Wayne"]
[Result "0-1"]
[WhiteElo "1228"]
[BlackElo "1173"]
[PlyCount "62"]
[EventDate "2002.04.26"]

1. c4 Nf6 2. d4 d5 3. Nc3 e6 4. Nf3 Nc6 5. Qc2 Bd7 6. Bf4 Bb4 7. a3 Bxc3+ 8.
Qxc3 O-O 9. h3 h6 10. e3 Re8 11. Bd3 a6 12. O-O Qc8 13. Rfe1 b6 14. b4 Qb7 15.
Rab1 b5 16. c5 Rec8 17. e4 dxe4 18. Bxe4 Nxe4 19. Rxe4 Nxb4 20. Re2 Nd5 21. Qd2
Nxf4 22. Qxf4 Bc6 23. Qg3 Bxf3 24. gxf3 Qd5 25. Rb4 c6 26. Re5 Qa2 27. Rh5 a5
28. Rxh6 axb4 29. axb4 Qa1+ 30. Kg2 Qxd4 31. Qg5 Ra2 0-1

[Event "Michigan Class C"]
[Site "Auburn Hills, MI"]
[Date "2002.04.27"]
[Round "1.14"]
[White "Choate, Eric"]
[Black "Saylor, Oliver"]
[Result "0-1"]
[WhiteElo "1502"]
[BlackElo "1421"]
[PlyCount "47"]
[EventDate "2002.04.26"]

1. e4 e5 2. Nf3 Nc6 3. Bc4 Bc5 4. d3 Nf6 5. O-O O-O 6. Nc3 Nd4 7. h3 d6 8. Bg5
Ne6 9. Bh4 Nf4 10. Bg3 N6h5 11. Ne2 Nxg3 12. Nxg3 Bd7 13. Qd2 Qc8 14. Nh4 Bxh3
15. Ngf5 Bxf5 16. Nxf5 Qd8 17. b4 Bb6 18. g3 Qg5 19. Kh2 Qh5+ 20. Nh4 Ng6 21.
Kh3 c6 22. Rh1 Bd8 23. Kg2 Bxh4 24. gxh4 {Hole in scoresheet} 0-1

[Event "Michigan Class D/E"]
[Site "Auburn Hills, MI"]
[Date "2002.04.27"]
[Round "1.12"]
[White "Cendrowski, Chris"]
[Black "Ford, Adam"]
[Result "1-0"]
[WhiteElo "1329"]
[BlackElo "1198"]
[Annotator "Tim McGrew"]
[PlyCount "71"]
[EventDate "2002.04.26"]

{Giuoco Piano: Greco} 1. e4 e5 2. Nf3 Nc6 3. Bc4 Bc5 4. c3 Nf6 5. d4 exd4 6.
cxd4 Bb4+ 7. Bd2 Bxd2+ 8. Nbxd2 d6 $2 {This passive move leaves White in
possession of the center without any contest. In this line -- once a "hot"
theoretical variation, now bypassed in the march of theory -- Black needs to
lash out with 8...d5! 9.exd5 Nxd5 when he can defend the knight on the outpost
in front of White's isolated pawn. This secures Black full equality.} 9. O-O
Bg4 10. Qb3 O-O 11. Qxb7 Na5 12. Qb5 Nxc4 13. Qxc4 Bxf3 14. Nxf3 Nxe4 {So
Black has got the pawn back, though he has a weakness on c7. Now the top
priority for White must be to prevent Black from anchoring his knight in place.
So 15.d5! is indicated, when White has a steady positional pull.} 15. Rfe1 {
Not realizing that giving Black that square is a mistake.} d5 {Now the knight
is secure for the near future and Black's weakness on the c-file becomes his
only problem.} 16. Qc6 Rb8 17. Re2 Re8 (17... Rb6 {looks good, preparing to
swing the rook to the e-file or the king-side (perhaps g6) to generate
counterplay.}) 18. Rc1 Re7 19. Qc2 f6 {Black wants to prevent Ne5, but it
would be better to mobilize his rooks and kick the knight out when and if it
lands there.} 20. Nd2 {This presents Black with the opportunity to liquidate
into a very drawish rook and pawn ending. Since Black has been under pressure
defending c7, he should leap at the chance.} Rb7 (20... Nxd2 21. Qxd2 Rxe2 22.
Qxe2 Qe8 23. Re1 Qxe2 24. Rxe2 Kf7 $1 {and with White's rook denied entry,
Black can hold the ending.}) 21. Nb3 Rb6 22. Rce1 {DIAGRAM An important moment
tactically. Black's knight lives at e4 on sufferance: it can be evicted any
moment by f3. So the right way to think about the position is to look through
the knight to see that White's last move actually threatens to win a piece. It
follows that Black needs to play something defensive like 22...Rbe6 so that he
can meet 23.f3 with 23...Ng5, defending e6 while retreating.} Qd7 $2 {Missing
the threat.} 23. f3 f5 {This is about the best Black can do now.} 24. fxe4 fxe4
25. Na5 {There is a e natural outpost at c5, but White may be thinking of the
idea Nc6-e5 -- surely the best post of all.} Qb5 {What remaining swindling
chances Black has lie on the king-side. If he wants to play on, it makes
better sense to try something like 25...Rf6 or 25...Rh6.} 26. Qc5 Qd7 27. Rc1
Rb5 28. Qc3 {There is nothing wrong with taking the a-pawn.} Qg4 $5 {Finally,
Black gets the right idea and comes over to the proper side of the board.} 29.
Kf1 $4 {And his play is rewarded, or would be if he knew how to take advantage
of it! There is absolutely no reason for the White king to leave the shelter
of his castle.} Rf7+ $2 (29... Rxa5 $1 {distracts the White queen, leaving c1
undefended. Black then has the upper hand, e.g.} 30. Qxa5 Qf4+ 31. Kg1 Qxc1+
32. Re1 Qc6 $17) 30. Rf2 (30. Ke1 Qh4+ 31. g3 Qh3 $1 {keeps up the pressure.})
30... e3 (30... Rxf2+ {sets up the same combination that Black missed last
move, but now White has a new resource:} 31. Kxf2 Rxa5 32. Qxc7 $1 (32. Qxa5 {
also works because of the check at d5, e.g.} Qf4+ 33. Ke2 Qxc1 34. Qxd5+ $18))
31. Rxf7 {Now the magic disappears and White is just winning.} e2+ 32. Kg1 Kxf7
33. Qxc7+ Kf8 34. Qd6+ Kf7 35. Rc7+ Ke8 36. Qe7# 1-0